O monstro da vergonha (Registo nº 6020)

Detalhes MARC
000 -Etiqueta do registo
Valores 01066nam a2200253 4500
010 ## - Número ISBN
ISBN 9789899044449
021 ## - Número do Depósito Legal
Número 482795/21
100 ## - Dados gerais de processamento
Dados gerais 20250925d2021 cd y0pory50030103ba
200 1# - Titulo e menção de responsabilidade
Título próprio O monstro da vergonha
Primeira menção de responsabilidade Tânia Carneiro
Outras menções de responsabilidade il. Ana Oliveira
210 #9 - Publicação
Local de publicação Lisboa
Nome do editor Jacarandá
Data de publicação 2021
215 ## - Descrição física 
Paginação / Volumes [50] p.
Outras indicações físicas il.
330 ## - Sumário ou Resumo
Texto da nota «Dentro de mim vive um Monstro. Esse Monstro chama-se Vergonha. É muito GRANDE e ocupa muito espaço, todo o meu espaço…»<br/>Neste livro, a psicoterapeuta Tânia Carmeiro conta-nos uma história de coragem e superação sobre a vergonha, um sentimento que surge em muitas crianças, em algum momento das suas vidas.<br/>E tu, serás capaz de vencer o medo e a vergonha?<br/>
606 ## - Nome comum usado como assunto
ID Autoridade 14
Palavra de ordem Literatura infantil
606 ## - Nome comum usado como assunto
ID Autoridade 15
Palavra de ordem Literatura Portuguesa
675 ## - CDU
Notação 82-93
Edição BN
Língua por
675 ## - CDU
Notação 821.134.3
Edição BN
Língua por
675 ## - CDU
Notação 159.942(0.053.5)
Edição BN
Língua por
700 ## - Autor principal (pessoa individual)
Apelido Carneiro
Nome Tânia
ID Autoridade 5706
701 ## - Co-autor principal (pessoa individual)
ID Autoridade 5707
Apelido Oliveira
Nome Ana
801 #0 - Fonte de origem
País PT
Agência BEN2VN
Regras de catalogação RPC
830 ## - Notas gerais do catalogador
Criado por Tãnia Croca
Data de criação 31/12/2021
990 ## - Elementos KOHA
Tipo de documento Livro
Exemplares
Situação do levantamento Biblioteca de origem Código de barras Cota Permissão de empréstimo Tipo de documento Forma de aquisição
  Biblioteca Escola Nº2 Vendas Novas 100000006819 LI POR/CAR   Livro  

Powered by Koha